LEADER 00764nam a2200205 i 4500 001 000000130427 003 CaOOAMICUS 005 20041025000000.0 008 041025s1936 it u000 u ita u 013 $a103161 040 $aSeMil$bita 100 1 $aAgrati, Carlo.$0(OLS)http://semarc/name/53924 245 10$aCaucaso bolscevico /$cCarlo Agrati. 260 $aMilano :$bPro Familia,$cstampa 1936. 300 $a214 p., [5] p. di tav. ;$c20 cm. 650 4$aCaucaso .$0(OLS)http://semarc/subject/25729 850 $aSeMil 852 $aSeMil$W1$xVenegono$y1$m4Y III 18$j84473$B84473$CSeMilBibl$Z2$F88046 $81 996 $6245$aCaucaso bolscevico$9(OLS)http://semarc/title/192122 996 $6260$aMilano :$bPro Familia$9(OLS)http://semarc/publisher/30182 LEADER 01195nam a2200253 i 4500 001 000000056470 003 CaOOAMICUS 005 20031121000000.0 008 031121s1897 it u000 u mul u 013 $a27642 040 $aSeMil$bita 100 1 $aGentili, Pietro .$0(OLS)http://semarc/name/28563 245 10$aArazzi antichi e moderni /$cdescritti e illustrati dal Cav. Pietro Gentili, direttore della Fabbrica degli Arazzi in Vaticano / décrivées et illustrées par le Ch. Pierre Gentili, directeur de la Fabrique des Tapisseries en Vatican. 246 01$aTapisseries anciennes et modernes 250 $a2. ed. 260 $a[S.l. :$bs.n.],$c1897$e(Roma :$fTipografia Sociale ,$g1897) 300 $a107 p., 6. c. di tav. ;$c36 cm. 500 $aTesto bilingue italiano-francese. 650 4$aArazzi.$0(OLS)http://semarc/subject/11130 850 $aSeMil 852 $aSeMil$W1$xVenegono$y1$m5K XII 28 FA$j22624$B22624$CSeMilBibl$Z2$F22626 $8I 996 $6245$aArazzi antichi e moderni$9(OLS)http://semarc/title/87818 996 $6246$aTapisseries anciennes et modernes$9(OLS)http://semarc/title/87819 996 $6260$a[S.l. :$bs.n.]$9(OLS)http://semarc/publisher/29751